000 00396nam 22001573 4500
001 32590
090 _a32590
100 _a20260317d u||y0pory50 ba
101 _apor
200 _aNoções Elementares sobre o Fogo
210 _aLisboa
_cServiço Nacional de Proteção Civil
_d1986
215 _a53 p.
_d20 cm
317 _5Instituto de Meteorologia
606 _xFogo
_923780
801 _gISBD
942 _n0